| 000 | 00000nam##2200000za#4500 |
| 001 | 9.615298 |
| 003 | CaOODSP |
| 005 | 20241203113634 |
| 007 | ta |
| 008 | 150406|2001||||xxc||||| f|0| 0 eng|d |
| 020 | |a0-662-29297-9 |
| 040 | |aCaOODSP|beng |
| 043 | |an-cn--- |
| 086 | 1 |aEn40-215/58E |
| 110 | 1 |aCanada. |bEnvironment Canada. |
| 245 | 10|aHexachlorobutadiene |
| 260 | |aOttawa - Ontario : |bEnvironment Canada |c2001. |
| 300 | |avi, 42p. : |bgraphs, references, tables ; |c28 cm. |
| 490 | 1 |aPriority substances list assessment report |
| 563 | |aSpiral binding |
| 590 | |a02-22|b2002-05-31 |
| 590 | |a02-37|b2002-09-13 |
| 690 | 07|aEnvironmental management|2gcpds |
| 690 | 07|aToxic substances|2gcpds |
| 690 | 07|aWater pollution|2gcpds |
| 775 | 08|tHexachlorobutadiène |w(CaOODSP)9.625409 |
| 776 | 0#|tHexachlorobutadiene / |w(CaOODSP)9.571378 |
| 830 | #0|aPriority substances list assessment report.|w(CaOODSP)9.514568 |